BIBLIOTHÈQUE DE LA MAISON DU MEXIQUE

Logo 1 Logo 2

Hidalgo (notice nᵒ 12732)

détails MARC
000 -Sello discográfico
campo de control de longitud fija 00796nam a2200265 4500
005 - Identificación de versión
campo de control 20260326100655.0
010 ## - Número Estándar Internacional de Libros (ISBN)
Número (ISBN) 968-16-6931-2 (obra completa)
099 ## - fechas locales
Tipo de ítem Koha LIBRO
100 ## - Datos de procesamiento general
Datos de procesamiento general 20260326d2003 m y1spay5003 ba
101 ## - Idioma del recurso
Idioma del texto, banda sonora, etc. Español; Castellano
105 ## - Campo de datos codificados: Material textual, monográfico
Datos codificados de monografía a 001zb
200 ## - Título y mención de responsabilidad
Título propio Hidalgo
Designación general del material texto impreso
Otra información del título la vida del héroe
Primer mención de responsabilidad Luis Castillo Ledón
205 ## - Declaración de edición
Declaración de edición 1a ed facs
210 ## - Publicación, distribución, etc.
Lugar de publicación, distribución, etc. México
Nombre del editor, distribuidor, etc. Cámara de Diputados
-- Fondo de Cultura Económica
Fecha de publicación, distribución, etc. 2003
215 ## - Descripción física
Designación de material específico y extensión del ítem 2 v
Otras características físicas il.
Dimensiones 27 cm
300 ## - Notas generales
Texto de la nota Facsimilar de la edición de 1949
345 ## - Nota de información de adquisición
Fuente de adquisición/dirección de la suscripción [OBSOLETO] Donación
410 ## - Series
Título Sección de Obras de Historia
600 ## - Nombre personal usado como materia
Elemento de entrada Hidalgo y Costilla
Parte del nombre distinta del elemento de entrada Miguel
Fechas 1753-1811
Número Koha 4243
660 ## - Código de área geográfica
Código MX
700 ## - Nombre personal - Responsabilidad primaria
Elemento de entrada Castillo Ledón
Parte del nombre distinta del elemento de entrada Luis
Fechas 1880-1945
Número Koha 15694
801 ## - Fuente de origen
País FR
Agencia cm
Reglas de catalogación (convenciones descriptivas) AFNOR
942 ## - ELEMENTOS DE ENTRADA SECUNDARIOS (KOHA)
Tipo de ítem Koha Livre
Exemplaires
Estatus retirado Estado de daño Estado de pérdida Fuente de la clasificación o esquema de estantería Fecha de adquisición Biblioteca de origen Biblioteca actual Código de barras Precio de reemplazo Signatura topográfica completa No para préstamo Tipo de ítem Koha Nota no pública
      Clasificación Decimal Dewey 26/03/2026 Casa México Paris Casa México Paris 011254 26/03/2026 920 H632cl v.1   Livre 751145101
      Clasificación Decimal Dewey 26/03/2026 Casa México Paris Casa México Paris 010985 26/03/2026 920 H632cl v.2   Livre 751145101